| 000 | 00751cam a2200265Mi 4500 | ||
|---|---|---|---|
| 001 | 88933 | ||
| 005 | 20230410124054.0 | ||
| 008 | 100225s2009 ck 000 0 spa d | ||
| 035 | _a(OCoLC)ocn591695323 | ||
| 040 |
_aCSt _cSTF |
||
| 020 | _a9789586954365 | ||
| 020 | _a9586954366 | ||
| 035 | _a(OCoLC)591695323 | ||
| 050 | 1 | 4 |
_aLC191.98.C7 _bA29 2009 |
| 049 | _aGRAL | ||
| 245 | 0 | 0 |
_aAcademia y sociedad : _bnotas para un debate / _câAlvaro Camacho, compilador. |
| 250 | _a1. ed. | ||
| 260 |
_aBogota : _bUniversidad de Los Andes, Ceso, _c2009. |
||
| 300 | _a81 p. | ||
| 653 |
_aHigher education _aUniversities _aSocial aspects _aColombia |
||
| 700 | 1 | _aCamacho Guizado, Alvaro. | |
| 942 |
_2lcc _cbk |
||
| 994 |
_aC0 _bDRFGD |
||
| 946 | _aMF | ||
| 999 |
_c70425 _d70425 |
||